<?xml version="1.0" encoding="UTF-8"?>
<collection xmlns="http://www.loc.gov/MARC21/slim">
  <record>
    <leader>00000nam  2200000   4500</leader>
    <controlfield tag="001">INLIS000000000000686</controlfield>
    <controlfield tag="005">20180724135757</controlfield>
    <controlfield tag="008">180724|||||||||   |   |||   |||| ||   | </controlfield>
    <datafield tag="035" ind1=" " ind2=" ">
      <subfield code="0">010-0718000686</subfield>
    </datafield>
    <datafield tag="041" ind1=" " ind2=" ">
      <subfield code="a">id</subfield>
    </datafield>
    <datafield tag="082" ind1=" " ind2=" ">
      <subfield code="a">021</subfield>
    </datafield>
    <datafield tag="090" ind1=" " ind2=" ">
      <subfield code="a">R.021 PIM I 2015</subfield>
    </datafield>
    <datafield tag="100" ind1=" " ind2=" ">
      <subfield code="a">Asjima'in</subfield>
    </datafield>
    <datafield tag="245" ind1=" " ind2=" ">
      <subfield code="a">Membangun Sinergitas Polisional Bhabinkamtibmas Dalam Penanganan Konflik Sosial Di Wilayah Polda Sulawesi Utara.</subfield>
    </datafield>
    <datafield tag="260" ind1=" " ind2=" ">
      <subfield code="a">Jakarta</subfield>
      <subfield code="b">LAN Jakarta</subfield>
      <subfield code="c">2015</subfield>
    </datafield>
    <datafield tag="300" ind1=" " ind2=" ">
      <subfield code="a">55 hlm.</subfield>
    </datafield>
    <datafield tag="500" ind1=" " ind2=" ">
      <subfield code="a">Polri sebagai penanggung jawab keamanan dalam negeri dalam melaksanakan kebijakan strategi pimpinan untuk mewujudkan sinergitas polisional dalam membangun situasi kamtibmas yang kondusif, tentunya memerlukan kebersamaan yang sinergis dengan semua stakeholder dimanapun ditugaskan untuk membangun kepercayaan dan kepedulian masyarakat terhadap tugas-tugas Polri</subfield>
    </datafield>
    <datafield tag="650" ind1=" " ind2=" ">
      <subfield code="a">Sinergitas Polisional</subfield>
    </datafield>
  </record>
</collection>
